000 00729nam a2200229 a 4500
001 000028054
003 OSt
005 20210122121303.0
008 110414s2010 dr r 000 0 spa d
040 _aDO-SdBNP
_bspa
_cBNPHU
082 _axxxx
_bR426L
110 1 _aRepública Dominicana
_bleyes 24-97
_955084
240 1 0 _aLeyes, decretos, etc.
245 1 0 _aLey 24-97 contra la violencia intrafamiliar.
246 1 4 _aLey no. 24-97 :
_bsobre violencia contra la mujer e intrafamiliar
260 _aSanto Domingo :
_bSecretaría de Estado de la Mujer,
_c2010.
300 _a37 p. ;
_c21 cm.
504 _aBibliografía : p. 37
590 _aInventariado, 2021 / DG
910 _aInventariado, 2021 / DG
942 _2ddc
_cLBS1
999 _c27546
_d27546